000 00999nam a2200289 i 4500
003 DO-SdBPM
005 20260427111358.0
007 ta
008 250402t2024 dr 000 pdspa d
020 _z9789945510645
040 _aDO-SdBPM
_bspa
_cBPMSU
_erda
082 1 4 _aRD861.44
_bJ94p 2024
_222
100 1 _aJulián, Aquíles,
_d1953-
_eautor
_4aut.
245 1 0 _aPájaro que hace cantar al árbol /
_cAquiles Julián
264 _aSanto Domingo :
_bEditora Nacional,
_bMinisterio de Cultura,
_c2024.
300 _a90 páginas
_c21 cm.
336 _atexto
_btxt
_2rdacontent
337 _asin mediación
_bn
_2rdamedia
338 _avolumen
_bnc
_2rdacarrier
500 _aIncluye datos biográficos del autor en la solapa de la portada.
586 _aPremio Anual de Poesía Salomé Ureña de Henríquez, 2023.
590 _aInventariado, 2026/ VM
650 7 _aPoesía Dominicana
650 7 _aLiteratura Dominicana
910 _aVMateo V. Control de calidad. BPMSU
942 _2ddc
_cBK
999 _c15795
_d15795